| 000 | 01190nam a22003617a 4500 | ||
|---|---|---|---|
| 003 | CHAP | ||
| 005 | 20220329143622.0 | ||
| 008 | 101015s2009 mx a r 00010 spa d | ||
| 010 | _a99437 | ||
| 011 | _a100409 | ||
| 020 | _a9786074011708 | ||
| 035 | _a111095 | ||
| 040 | _cCHAP | ||
| 082 | 1 | 4 |
_a320.4 _bIr11 |
| 100 | 0 | 0 |
_aIracheta Cenecorta, Alfonso X. _960322 |
| 245 | 1 | 0 |
_aPolíticas públicas para gobernar las metrópolis Mexicanas _c/por Alfonso Iracheta Cenecorta |
| 260 |
_aZinacantepec. Méx. : _bEl Colegio Mexiquense, _c2009 |
||
| 300 |
_a294 p. : _bilus., cuadros, mapas |
||
| 490 | _aPolíticas Públicas | ||
| 590 |
_aBATCH-UPD _b10 _c20130110 _lUCH01 _h1254 |
||
| 590 |
_aBATCH-UPD _b10 _c20130410 _lUCH01 _h0815 |
||
| 590 |
_aBATCH-UPD _b10 _c20130914 _lUCH01 _h1145 |
||
| 590 |
_aCONVERSION _b10 _c20130109 _lUCH01 _h1355 |
||
| 650 | 1 | 4 |
_aDesarrollo de la comunidad _zMéxico. _931984 |
| 650 | 1 | 4 |
_aGlobalización. _948300 |
| 650 | 1 | 4 |
_aGobierno. _948401 |
| 650 | 1 | 4 |
_aUrbanismo. _9116824 |
| 830 | 0 |
_aPolíticas Públicas _990720 |
|
| 901 | _aBK | ||
| 911 | _aen proceso | ||
| 942 | _cLIBRO | ||
| 949 |
_a320.4 Ir11 _bBC _cLIBRO _d33724002218769 _eLIBRO _h113613 _i111095 _sb |
||
| 999 |
_c99437 _d99437 |
||